Štatistická analýza miezd vybraného podniku diplomová práca

Salvato in:
Dettagli Bibliografici
Autore principale: Ližičiarová Peťovská, Ivana
Ente Autore: Fakulta hospodárskej informatiky EU. Katedra štatistiky
Altri autori: Hurbánková, Ľubica, 1980-
Natura: Libro
Lingua:slovacco
Pubblicazione: Bratislava 2015
Tags: Aggiungi Tag
Nessun Tag, puoi essere il primo ad aggiungerne!!

MARC

LEADER 00000nbm a2200000 4500
001 0206547
005 20161212111613.9
041 0 |a slo 
044 |a SK 
245 1 0 |a Štatistická analýza miezd vybraného podniku  |b diplomová práca  |c Ivana Ližičiarová Peťovská ; školiteľ: Ľubica Hurbánková 
264 1 |a Bratislava  |c 2015 
300 |a 79 s. 
100 1 |a Ližičiarová Peťovská, Ivana 
700 1 |a Hurbánková, Ľubica, 1980- 
710 2 |a Fakulta hospodárskej informatiky EU. Katedra štatistiky